000 00362nam a2200133Ia 4500
008 220217s9999||||xx |||||||||||||| ||und||
020 _a81-203-2683-0
082 _a621.395 PED
100 _aPedroni, Volnei, A
245 0 _aCircuite design with VHDL
260 _aPrentice hall of india private Ltd.
_bNew Delhi
_c2005
300 _b325
650 _aVHDL
999 _c174605
_d174605